000 00501nam a2200205 4500
005 20260119112258.0
008 260119b |||||||| |||| 00| 0 eng d
020 _a9781138629721
_c£89.99
040 _aMAIN
082 _a181
_bK833A(7)
100 _aKoller, John M
245 _aAsian philosophies
250 _a7th
260 _aLondon
_bRouteledge Taylor& Francis Group
_c2018
300 _axxx, 395
650 _aPhilosophy
650 _aIndian Philosophy
942 _cBK
999 _c396720
_d396720